Linear algebra
Uloženo v:
| Hlavní autor: | |
|---|---|
| Médium: | Kniha |
| Jazyk: | angličtina |
| Vydáno: |
Reading
Addison-Wesley
1966
|
| Témata: | |
| Tagy: |
Přidat tag
Žádné tagy, Buďte první, kdo vytvoří štítek k tomuto záznamu!
|
MARC
| LEADER | 00000nam a2200000 a 4500 | ||
|---|---|---|---|
| 001 | UCU3158 | ||
| 003 | CL-VaPUC | ||
| 008 | 960502e19660000US |||||||||||||||||eng|d | ||
| 082 | 0 | 4 | |a 512.5 |b LAN |2 21 |
| 100 | |a Lang, Serge |9 719911 | ||
| 245 | 1 | 0 | |a Linear algebra |
| 300 | |a 294 p | ||
| 942 | |c BK | ||
| 945 | |d 19960502 00:00:00 |a paguirre | ||
| 260 | |a Reading |b Addison-Wesley |c 1966 | ||
| 650 | 0 | |a Álgebra |9 259567 | |
| 650 | 0 | |a Matemática |9 260235 | |
| 650 | 0 | |a Álgebra lineal |9 260445 | |
| 650 | 0 | |a Vectores |9 317184 | |
| 650 | 0 | |a Matrices |9 22 | |
| 650 | 7 | |a DETERMINANTES |2 CL-VaPUC |9 359932 | |
| 650 | 0 | |a Polinomios |9 270626 | |
| 650 | 0 | |a Teoría de grupos |9 270028 | |
| 583 | |a last modification |c 20150713 14:25:15 |k Rodrigo Vera | ||
| 999 | |c 247257 |d 247255 | ||
| 952 | |0 0 |1 0 |4 0 |6 512_500000000000000_LAN_1966 |7 0 |8 A |9 262971 |a BIBMAT |b BIBMAT |d 2019-11-19 |i 1309390 |o 512.5 LAN 1966 |p 1309390 |r 2025-01-07 |w 2019-11-19 |y BK |k MAT | ||